|
|
|
|
| LEADER |
00000cam a22000004a 4500 |
| 001 |
musev2_21169 |
| 003 |
MdBmJHUP |
| 005 |
20230905042247.0 |
| 006 |
m o d |
| 007 |
cr||||||||nn|n |
| 008 |
040426s2004 miu o 00 0 eng d |
| 020 |
|
|
|a 9780814338483
|
| 020 |
|
|
|z 9780814332276
|
| 035 |
|
|
|a (OCoLC)849944890
|
| 040 |
|
|
|a MdBmJHUP
|c MdBmJHUP
|
| 041 |
1 |
|
|a eng
|h fre
|
| 100 |
1 |
|
|a Michlin, Gilbert,
|d 1926-
|
| 240 |
1 |
0 |
|a Aucun interet au point de vue national.
|l English
|
| 245 |
1 |
0 |
|a Of No Interest to the Nation :
|b A Jewish Family in France, 1925-1945 /
|c Gilbert Michlin ; with an afterword by Zeev Sternhell.
|
| 264 |
|
1 |
|a Detroit :
|b Wayne State University Press,
|c 2004.
|
| 264 |
|
3 |
|a Baltimore, Md. :
|b Project MUSE,
|c 2014
|
| 264 |
|
4 |
|c ©2004.
|
| 300 |
|
|
|a 1 online resource (160 pages).
|
| 336 |
|
|
|a text
|b txt
|2 rdacontent
|
| 337 |
|
|
|a computer
|b c
|2 rdamedia
|
| 338 |
|
|
|a online resource
|b cr
|2 rdacarrier
|
| 505 |
0 |
|
|a 1. As happy as God in France. The spark -- The gilded country -- Living, at last -- Of no interest to the nation -- 2. The descent into hell. Auschwitz-Birkenau -- Bobrek -- Gleiwitz -- From Buchenwald to Schwerin -- Paris.
|
| 588 |
|
|
|a Description based on print version record.
|
| 600 |
1 |
7 |
|a Michlin, Gilbert,
|d 1926-
|2 fast
|0 (OCoLC)fst00483742
|
| 600 |
1 |
1 |
|a Michlin, Gilbert,
|d 1926-
|
| 600 |
1 |
0 |
|a Michlin, Gilbert,
|d 1926-
|
| 650 |
|
7 |
|a Jews.
|2 fast
|0 (OCoLC)fst00983135
|
| 650 |
|
7 |
|a Nazi concentration camp inmates.
|2 fast
|0 (OCoLC)fst02028897
|
| 650 |
|
7 |
|a HISTORY
|z Europe
|x Western.
|2 bisacsh
|
| 650 |
|
7 |
|a BIOGRAPHY & AUTOBIOGRAPHY
|x Historical.
|2 bisacsh
|
| 650 |
|
6 |
|a Holocauste, 1939-1945
|z France
|v Recits personnels.
|
| 650 |
|
6 |
|a Detenus de camp de concentration nazi
|v Biographies.
|
| 650 |
|
6 |
|a Juifs
|z France
|v Biographies.
|
| 650 |
|
0 |
|a Holocaust, Jewish (1939-1945)
|z France
|v Personal narratives.
|
| 650 |
|
0 |
|a Nazi concentration camp inmates
|v Biography.
|
| 650 |
|
0 |
|a Jews
|z France
|v Biography.
|
| 651 |
|
7 |
|a France.
|2 fast
|0 (OCoLC)fst01204289
|
| 655 |
|
7 |
|a Personal narratives.
|2 fast
|0 (OCoLC)fst01423843
|
| 655 |
|
7 |
|a Biographies.
|2 fast
|0 (OCoLC)fst01919896
|
| 655 |
|
7 |
|a Electronic books.
|2 local
|
| 710 |
2 |
|
|a Project Muse.
|e distributor
|
| 830 |
|
0 |
|a Book collections on Project MUSE.
|
| 856 |
4 |
0 |
|z Texto completo
|u https://projectmuse.uam.elogim.com/book/21169/
|
| 945 |
|
|
|a Project MUSE - Custom Collection
|
| 945 |
|
|
|a Project MUSE - Archive Complete Supplement II
|
| 945 |
|
|
|a Project MUSE - Archive History Supplement II
|
| 945 |
|
|
|a Project MUSE - Archive Jewish Studies Supplement
|